|
|
|
|
| LEADER |
00000cam a2200000 7i4500 |
| 001 |
0000143579 |
| 005 |
20220203.0 |
| 008 |
220203s2021 my ao x k may |
| 020 |
|
|
|a 9789673771400
|
| 040 |
|
|
|a PERPUSTAM
|b eng
|c PERPUSTAM
|e rda
|
| 041 |
|
|
|a may
|
| 090 |
0 |
0 |
|a J 616.2414
|b PZF
|
| 100 |
0 |
|
|a Puteri Zuleika Fereizya ,
|e author
|
| 245 |
1 |
0 |
|a KEHIDUPAN NORMAL DENGAN NORMA BAHARU
|c Putri Zuleika Fereizya
|
| 264 |
|
1 |
|a Skudai, Johor Bahru, Johor :
|b Pustaka Ewan
|c 2021
|
| 300 |
|
|
|a 72 pages :
|b colour photographs ;
|c 26 cm.
|
| 336 |
|
|
|a text
|2 rdacontent
|
| 337 |
|
|
|a unmediated
|2 rdamedia
|
| 338 |
|
|
|a volume
|2 rdacarrier
|
| 490 |
1 |
|
|a SIRI PANDEMIK COVID-19
|
| 650 |
1 |
0 |
|a Covid-19 (Disease)
|
| 650 |
2 |
0 |
|a Covid-19 (Disease)
|x Social aspects
|z Malaysia
|
| 830 |
|
0 |
|a Siri pandemik covid-19
|
| 999 |
|
|
|a 0000724627
|b Buku
|c Koleksi Pinjaman Kanak-Kanak
|e Perbadanan Perpustakaan Awam Melaka
|
| 999 |
|
|
|a 0000724628
|b Buku
|c Koleksi Pinjaman Kanak-Kanak
|e Perbadanan Perpustakaan Awam Melaka
|
| 999 |
|
|
|a 0000724629
|b Buku
|c Koleksi Pinjaman Kanak-Kanak
|e Perbadanan Perpustakaan Awam Melaka
|
| 999 |
|
|
|a 0000724630
|b Buku
|c Koleksi Pinjaman Kanak-Kanak
|e Perpustakaan Cawangan Jasin
|
| 999 |
|
|
|a 0000724631
|b Buku
|c Koleksi Pinjaman Kanak-Kanak
|e Perpustakaan Cawangan Masjid Tanah
|
| 999 |
|
|
|a 0000724632
|b Buku
|c Koleksi Pinjaman Kanak-Kanak
|e Perpustakaan Cawangan Merlimau
|
| 999 |
|
|
|a 0000724633
|b Buku
|c Koleksi Pinjaman Kanak-Kanak
|e Perpustakaan Komuniti UTC Melaka
|
| 999 |
|
|
|a 0000724634
|b Buku
|c Koleksi Pinjaman Kanak-Kanak
|e Perbadanan Perpustakaan Awam Melaka
|
| 999 |
|
|
|a 0000724635
|b Buku
|c Koleksi Pinjaman Kanak-Kanak
|e PK Aeon Jaya Jusco
|
| 999 |
|
|
|a 0000724636
|b Buku
|c Koleksi Pinjaman Kanak-Kanak
|e Perbadanan Perpustakaan Awam Melaka
|
| 999 |
|
|
|a 0000724637
|b Buku
|c Koleksi Pinjaman Kanak-Kanak
|e Perpustkaan Desa Lubuk China
|